Искусство Советской Татарии: живопись, скульптура, графика

Λεπτομέρειες βιβλιογραφικής εγγραφής
Κύριος συγγραφέας: Червонная С. М. Светлана Михайловна
Γλώσσα:Ρωσικά
Έκδοση: Москва, Изобразительное искусство, 1978
Θέματα:
Μορφή: MixedMaterials Βιβλίο
KOHA link:https://koha.lib.tpu.ru/cgi-bin/koha/opac-detail.pl?biblionumber=117823

MARC

LEADER 00000nam0a2200000 4500
001 117823
005 20231031123930.0
035 |a (RuTPU)RU\TPU\book\127530 
090 |a 117823 
100 |a 20070606d1978 m y0rusy50 ca 
101 0 |a rus 
102 |a RU 
105 |a a z 001zy 
200 1 |a Искусство Советской Татарии  |e живопись, скульптура, графика  |f С. М. Червонная 
210 |a Москва  |c Изобразительное искусство  |d 1978 
215 |a 296 с.  |c ил. 
320 |a Библиогр.: с. 286-290. 
610 1 |a искусство 
610 1 |a Татарское искусство 
610 1 |a живопись 
610 1 |a скульптура 
610 1 |a графика 
610 1 |a изобразительное искусство 
610 1 |a советское искусство 
675 |a 7  |v 3 
700 1 |a Червонная  |b С. М.  |g Светлана Михайловна 
801 1 |a RU  |b 63413507  |c 20070606  |g PSBO 
801 2 |a RU  |b 63413507  |c 20080527  |g PSBO 
942 |c BK